00477pab a2200157 454500008004000000100002000040245005600060260000900116300000900125362000900134650003500143773001400178909000900192999001500201952010300216180718b1983 xxu||||| |||| 00| 0 eng d aSeetharam, G.N. aThe public sector in the United StatesbSome trends c1983 a31-5 aAug. aGovernment Enterprise - U.S.A. aLok Udyog a9396 c9396d9396 00104070aIIPAbIIPAd2018-07-19hVolume no: 17, Issue no: 5pAR9410r2018-07-19w2018-07-19yAR